Normal view
MARC view
Entry Término temático
001 - NÚMERO DE CONTROL
- campo de control: 21798
003 - IDENTIFICADOR DEL NÚMERO DE CONTROL
- campo de control: OSt
005 - FECHA Y HORA DE LA ÚLTIMA TRANSACCIÓN
- campo de control: 20200615032758.0
008 - DATOS DE LONGITUD FIJA
- campo de control de longitud fija: 200615|| aca||aabn | a|a d
040 ## - FUENTE DE LA CATALOGACIÓN
- Centro catalogador/agencia de origen: OSt
- Centro/agencia transcriptor: OSt
150 ## - ENCABEZAMIENTO--TÉRMINO DE MATERIA
- Término de materia o nombre geográfico como elemento de entrada: POESÍA DOMINICANA
- Subdivisión geográfica: REPÚBLICA DOMINICANA, SAN PEDRO DE MACORÍS
670 ## - FUENTE DE DATOS ENCONTRADOS
- Cita de la fuente: Work cat.: (OSt)7748: Villegas, Víctor 7744, Antología de poetas Petromacorisanos /, 1982.
